Statistics for Top 100 Biggest Cities in Countries that Start with I

Click here to take the quiz!

General Stats

  • This quiz has been taken 116 times
  • The average score is 41 of 100

Answers on the Map

Answers color-coded by a green-red scale on the quiz's map according to % correct below.
Loading ...
 

Answer Stats

CountryCityPopulation% Correct
IndiaDelhi16,349,831
98%
IrelandDublin1,173,179
97%
IndiaKolkata14,057,991
97%
ItalyRome2,837,332
97%
IranTehran8,963,706
97%
IsraelJerusalem936,425
96%
ItalyMilan1,396,059
96%
IndiaMumbai18,394,912
96%
IraqBaghdad6,719,500
95%
IndonesiaJakarta9,607,787
95%
ItalyNaples962,589
95%
IndiaChennai8,653,521
90%
IndiaHyderabad7,677,018
90%
Ivory CoastAbidjan4,395,243
89%
IndiaAhmedabad6,357,693
89%
IndiaBangalore8,520,435
89%
IndiaPune5,057,709
79%
IndiaAgra1,760,285
76%
IranIsfahan1,961,260
73%
IndonesiaSurabaya2,765,487
72%
IndiaJaipur3,046,163
70%
IndonesiaBandung2,394,873
68%
IraqBasra1,340,800
66%
IraqMosul1,361,800
66%
IranMashhad3,001,184
65%
IndiaLucknow2,902,920
64%
IndonesiaMedan2,097,610
60%
IndiaSurat4,591,246
60%
IranQom1,201,158
57%
IranShiraz1,565,572
57%
IraqErbil879,000
55%
IndiaNagpur2,497,870
55%
IndiaBhopal1,886,100
53%
IndiaKanpur2,920,496
50%
IranTabriz1,558,693
50%
IndiaIndore2,170,295
48%
IndiaJodhpur1,138,300
44%
IndonesiaPalembang1,440,678
41%
IndiaPatna2,049,156
41%
IndiaVaranasi1,432,280
38%
IndonesiaMakassar1,331,391
37%
IndiaKochi2,119,724
36%
IndiaCoimbatore2,136,916
35%
IndiaAmritsar1,183,549
34%
IndiaBhilai1,064,222
33%
IraqKirkuk972,300
33%
IndonesiaSemarang1,520,481
30%
IndiaVadodara1,822,221
29%
IranAhvaz1,184,788
27%
IndiaPrayagraj1,212,395
27%
IndiaRajkot1,390,640
27%
IndiaVisakhapatnam1,728,128
26%
IndiaChandigarh1,026,549
23%
IndiaMadurai1,465,625
23%
IndiaMysore990,900
23%
IndiaSrinagar1,264,202
23%
IndiaAurangabad1,193,167
21%
IndiaJabalpur1,268,848
21%
IndiaLudhiana1,618,879
21%
IndiaMeerut1,420,902
21%
IndonesiaBatam917,998
20%
IndiaKozhikode2,028,399
20%
IndiaRaipur1,123,558
20%
IndiaThiruvananthapuram1,679,754
20%
IndiaVijayawada1,476,931
20%
IndiaAsansol1,243,414
19%
IndiaJamshedpur1,339,438
19%
IndiaGuwahati962,334
18%
IranKermanshah946,651
18%
IndiaKota1,001,694
18%
IndiaRanchi1,120,374
18%
IndiaSalem917,414
18%
IndonesiaBekasi2,334,871
17%
IndiaBhubaneswar885,363
17%
IndiaGwalior1,102,884
17%
IndiaNashik1,561,809
17%
IndiaTiruchirappalli1,022,518
17%
IndiaDhanbad1,196,214
15%
IndiaFaridabad1,414,050
15%
IndonesiaPekanbaru882,045
15%
IndonesiaTangerang1,798,601
15%
IndiaBareilly985,752
14%
IndiaGhaziabad2,375,820
14%
IndiaJalandhar874,412
14%
IndiaAligarh911,223
13%
IndonesiaBandar Lampung873,007
13%
IndiaSolapur951,558
13%
IndonesiaBogor950,334
12%
IndiaHubli943,788
12%
IranKaraj1,592,492
12%
IndiaMoradabad887,871
12%
IndonesiaSouth Tangerang1,290,322
12%
IndiaTiruppur963,173
12%
IndonesiaDepok1,738,570
10%
IndiaKannur1,640,986
9%
IndiaKollam1,110,668
8%
IndiaGurgaon902,112
7%
IndiaThrissur1,861,269
6%
IndiaMalappuram1,699,060
5%
IndiaVasai-Virar1,222,390
4%

Score Distribution

Percentile by Number Answered

Percent of People with Each Score

Your Score History

You have not taken this quiz